Paying PGS (Record no. 106348)

MARC details
000 -LEADER
fixed length control field 01525cam a2200217 4500
001 - CONTROL NUMBER
control field L136233
008 - FIXED-LENGTH DATA ELEMENTS--GENERAL INFORMATION
fixed length control field 070118n2006 000 0 eng u
035 ## - SYSTEM CONTROL NUMBER
System control number (Sirsi) u136233
041 0# - LANGUAGE CODE
Language code of text/sound track or separate title eng
110 1# - MAIN ENTRY--CORPORATE NAME
Corporate name or jurisdiction name as entry element HM Revenue and Customs
9 (RLIN) 4702
245 00 - TITLE STATEMENT
Title Paying PGS
Remainder of title a planning-gain supplement technical consultation
260 ## - PUBLICATION, DISTRIBUTION, ETC.
Place of publication, distribution, etc. London
Name of publisher, distributor, etc. HMRCs
Date of publication, distribution, etc. 2006
505 ## - FORMATTED CONTENTS NOTE
Formatted contents note Overview of the PGS process -- The planning permission: calculating the PGS due -- The PGS start notice -- The PGS return --Paying the PGS charge -- PGS compliance and HMRC interventions -- Questions and answers -- About the consultation process.
520 ## - SUMMARY, ETC.
Summary, etc. Sets out the proposed framework for administering the Planning-Gain Supplement (PGS). Building on the previous proposals published in Planning-Gain Supplement: a consultation in December 2005 as part of the Government's proposals for a PGS, it provides further information on, and seeks views about, the framework that will be needed to administer PGS. The document is concerned exclusively with how PGS would be administered.
590 ## - LOCAL NOTE (RLIN)
Local note KA
650 24 - SUBJECT ADDED ENTRY--TOPICAL TERM
Topical term or geographic name entry element PLANNING GAIN SUPPLEMENT
651 #4 - SUBJECT ADDED ENTRY--GEOGRAPHIC NAME
Geographic name England and Wales
Chronological subdivision 1543-
690 ## - LOCAL SUBJECT ADDED ENTRY--TOPICAL TERM (OCLC, RLIN)
Topical term or geographic name as entry element ENVIRONMENTAL AND LAND CONSULTANCY-PLANNING AND DEVELOPMENT-PLANNING REFORM
856 40 - ELECTRONIC LOCATION AND ACCESS
Uniform Resource Identifier <a href="https://customs.hmrc.gov.uk/channelsPortalWebApp/channelsPortalWebApp.portal?_nfpb=true&_pageLabel=pageVAT_ShowContent&propertyType=document&columns=1&id=HMCE_PROD1_026417">https://customs.hmrc.gov.uk/channelsPortalWebApp/channelsPortalWebApp.portal?_nfpb=true&_pageLabel=pageVAT_ShowContent&propertyType=document&columns=1&id=HMCE_PROD1_026417</a>
Public note View the consultation free of charge online at http://customs.hmrc.gov.uk...
942 ## - ADDED ENTRY ELEMENTS (KOHA)
Suppress in OPAC 0
Holdings
Withdrawn status Lost status Source of classification or shelving scheme Damaged status Not for loan Home library Current library Shelving location Date acquired Total Checkouts Full call number Barcode Date last seen Copy number Price effective from Koha item type
    Dewey Decimal Classification     Virtual Virtual Online 18/01/2007   ONLINE PUBLICATION 136233-1001 06/08/2019 1 06/08/2019 Book